| 000 | 00980cab a2200301 4500 | ||
|---|---|---|---|
| 001 | WB3232-45 | ||
| 008 | 090401t1996 xxu||||| |||| 00| 0 eng d | ||
| 035 | _a(Sirsi) u73852 | ||
| 041 | _aeng | ||
| 245 | _aInsurance for subsidence | ||
| 260 | _c1996 | ||
| 350 | _a0 | ||
| 490 |
_aDaily Telegraph _v24 August 1996, B9(1) |
||
| 520 | _aIt is now easier to make new insurance claims for subsidence problems for properties on which remedial work has already been done, thanks to the code of practice of the Association of British Insurers. | ||
| 650 | _aASSOCIATION OF BRITISH INSURERS | ||
| 650 | _aBUILDINGS INSURANCE | ||
| 650 | _aCLAIMS | ||
| 650 | _aCODE OF PRACTICE | ||
| 650 | _aHOUSEHOLD INSURANCE | ||
| 650 | _aPREVIOUSLY UNDERPINNED PROPERTIES SCHEME | ||
| 650 | _aREMEDIAL WORK | ||
| 650 | _aSUBSIDENCE CLAIMS ADVISORY BUREAU | ||
| 650 | _aSUBSIDENCE | ||
| 650 | _aUNDERPINNING | ||
| 690 |
_aINSURANCE _96249 |
||
| 942 | _n0 | ||
| 948 | _c04/03/1997 | ||
| 999 |
_c46614 _d46614 |
||